Optimization under constrains: theory and applications of nonlinear programming

Na minha lista:
Detalhes bibliográficos
Autor principal: Whittle, Peter (Author)
Formato: Livro
Idioma:inglês
Publicado em: Chichester John Wiley and Sons 1971
Colecção:Wiley Series in Probability and Mathematical Statistics
Assuntos:
Tags: Adicionar Tag
Sem tags, seja o primeiro a adicionar uma tag!

MARC

LEADER 00000nam a2200000 a 4500
001 UCP1826
003 CL-VaPUC
008 990426e19710000UK |||||||||||||||||eng|d
082 0 4 |a 519.76  |b WHI  |2 21 
100 0 |a Whittle, Peter  |e author  |9 428141 
245 1 0 |a Optimization under constrains: theory and applications of nonlinear programming 
300 |a 241 p 
942 |c BK 
945 |d 19990426 00:00:00  |a crobeson 
260 |a Chichester  |b John Wiley and Sons  |c 1971 
650 0 |a Programación no lineal   |9 259385 
650 7 |a MODELOS NUMERICOS  |2 CL-VaPUC  |9 428142 
650 7 |a MAXIMIZACION  |2 CL-VaPUC  |9 428143 
650 0 |a Optimización matemática  |9 259780 
583 |a last modification  |c 19990426 00:00:00  |k Rodrigo Vera 
490 0 |a Wiley Series in Probability and Mathematical Statistics 
999 |c 280459  |d 280457 
952 |0 0  |1 0  |4 0  |6 519_760000000000000_WHI_1971  |7 0  |8 A  |9 320764  |a BIBMAT  |b BIBMAT  |d 2019-11-20  |i 1344307  |o 519.76 WHI 1971  |p 1344307  |r 2025-01-07  |w 2019-11-20  |y BK  |k MAT 
952 |0 0  |1 0  |4 0  |6 519_760000000000000_WHI_1971  |7 0  |8 A  |9 320765  |a BIBMAT  |b BIBMAT  |d 2019-11-20  |i 1344315  |o 519.76 WHI 1971  |p 1344315  |r 2025-01-07  |w 2019-11-20  |y BK  |k MAT